| 000 | 00000cas 2200000zi 4500 |
| 001 | 9.946669 |
| 003 | CaOODSP |
| 005 | 20251212073357 |
| 006 | m o d f |
| 007 | cr cn |||||||| |
| 008 | 250109c20249999oncar p o f0###a0eng d |
| 022 | |a2819-0114 |
| 040 | |aCaOODSP|beng|erda|cCaOODSP |
| 043 | |an-cn--- |
| 086 | 1 |aPS71-9E-PDF |
| 110 | 2 |aCanadian Security Intelligence Service.|eauthor, |eissuing body. |
| 222 | 0|aCSIS diversity, equity and inclusion strategy summary performance measures scorecard |
| 245 | 10|aCSIS diversity, equity and inclusion strategy summary performance measures scorecard. |
| 246 | 3 |aCanadian Security Intelligence Service diversity, equity and inclusion strategy summary performance measures scorecard |
| 246 | 30|aSummary performance measures scorecard |
| 264 | 1|a[Ottawa] : |bCanadian Security Intelligence Service = Service canadien du renseignement de sécurité, |c[2024]- |
| 310 | |aAnnual |
| 336 | |atext|btxt|2rdacontent |
| 337 | |acomputer|bc|2rdamedia |
| 338 | |aonline resource|bcr|2rdacarrier |
| 362 | 1 |aBegan with: Phase 1 (spring 2024). |
| 500 | |aIssued also in French under title: Stratégie d'équité, de diversité et d'inclusion du SCRS, bilan des mesures du rendement. |
| 588 | |aDescription based on: Phase 1 (spring 2024); title from PDF cover page. |
| 588 | |aLatest issue consulted: Phase 1 (spring 2024). |
| 610 | 20|aCanadian Security Intelligence Service|vPeriodicals. |
| 650 | 0|aDiversity in the workplace|xGovernment policy|zCanada|vPeriodicals. |
| 655 | 7|aPeriodicals|2lcgft |
| 775 | 08|tStratégie d'équité, de diversité et d'inclusion du SCRS, bilan des mesures du rendement.|w(CaOODSP)9.946668 |